Грях (Запис номер 501555)
[ съкратено ]
| 000 -Лидер | |
|---|---|
| Лидер | 01140aaa a2200265 a 4500 |
| 003 - Код на организацията, давaща контролен номер | |
| Код на организацията, даваща контролен номер | BLK |
| 005 - Дата и час на последна редакция | |
| Дата и час на последна редакция | 20240126162547.0 |
| 007 - Фиксирано поле за физическо описани | |
| Физическо описание | ta |
| 008 - Елементи от данни с фиксирана дължина | |
| Елементи с фиксирана дължина | 221104b bu |||||r|||| 00| | bu d |
| 040 ## - Източник на каталожния запис | |
| Код на библиотеката | BLK |
| 041 ## - Код за език | |
| Език | Български |
| Език за КДБФ | Български |
| 080 ## - УДК | |
| УДК текст | Опазване на околната среда |
| УДК код | 502 |
| УДК – определител | (497.215) |
| УДК – код + определител | 502(497.215) |
| 080 ## - УДК | |
| УДК текст | Замърсяване на въздуха |
| УДК код | 504.3.054 |
| УДК – определител | (497.215) |
| УДК – код + определител | 504.3.054(497.215) |
| 100 ## - Редна дума - Автор | |
| R(LIN) | 270097 |
| Автор | Пантелеев, Пламен |
| 245 ## - Сведения за заглавието | |
| Заглавие | Грях |
| Авторска отговорност | Пламен Пантелеев |
| 300 ## - Физическа характеристика | |
| Брой страници | І, № 22, 27 септ.-3 окт. 1990, с. 1. |
| 520 ## - Забележка за наличие на резюме, анотация и т.н | |
| Анотация, рецензия | Спасяването на Русе от екоцида |
| 653 ## - Ключова дума – ненормативна | |
| 9 (RLIN) | 200037 |
| Ключови думи | хлор |
| 653 ## - Ключова дума – ненормативна | |
| 9 (RLIN) | 186796 |
| Ключови думи | замърсяване на въздуха |
| 773 0# - Описание на основна библиографска единица при аналитични записи (многотомни) | |
| Контролен номер на записа | 291989 |
| Място на издаване, издател и година | Екогласност 1990 |
| Международен стандартен номер на серията ISSN | 0861-1416 |
| Заглавие на източника | Екогласност |
| Информация за връзката | . // |
| 856 ## - Електронен адрес и достъп | |
| Инструкция (цена за достъп) | 0.00 |
| Права за достъп | Достъп само през служебен интерфейс |
| Име на файла (електронен носител) | Грях |
| Електронен формат | pdf - файл |
| Път до файла (ресурса) | http://185.138.176.146:18082/cgi-bin/koha/opac-retrieve-file.pl?id=0a8d4f38b0bebb0f37484fcd0fe43272 |
| Допълнителна информация (Корица, съдържание, пълен текст, звуков файл, HTML файл) | Електронна книга |
| 942 ## - АРТИКУЛИ | |
| Източник на класификационната схема | Universal Decimal Classification |
| Вид на библиотечния документ | Статия |
| Скрит в OPAC | Не |
| 944 ## - СЪЗДАВАНЕ И РЕДАКЦИЯ на ЗАПИСА | |
| Дата на регистрацията/редакция | Кети Илиева |
| Служител, извършил регистрацията/редакцията | 30542 |
| Номер на служител | Русанова Ирена |
| 999 ## - СИСТЕМНИ КОНТРОЛНИ НОМЕРА | |
| Koha biblionumber | 501555 |
| Koha biblioitemnumber | 501555 |
| 999 ## - СИСТЕМНИ КОНТРОЛНИ НОМЕРА | |
| Koha biblioitemnumber | 501555 |
Няма налични копия.